| 000 | 00517cam a2200157 4500500 | ||
|---|---|---|---|
| 005 | 20260315004205.0 | ||
| 041 | _afre | ||
| 042 | _adc | ||
| 100 | 1 | 0 |
_aRostkowski, Joƫlle _eauthor |
| 700 | 1 | 0 |
_aMathieu, Ariane _eauthor |
| 245 | 0 | 0 | _aLa longue marche des droits |
| 260 | _c2012. | ||
| 500 | _a39 | ||
| 786 | 0 | _nL'Histoire - Les Collections | 54 | 1 | 2012-01-05 | p. 74-81 | 2727-6945 | |
| 856 | 4 | 1 | _uhttps://shs.cairn.info/magazine-hist-l-hisoire-les-collections-2012-1-page-74?lang=fr&redirect-ssocas=7080 |
| 999 |
_c1699394 _d1699394 |
||